000 00341nam a2200169Ia 4500
100 _aAppuu kuttan/K.K
650 _aMechatronics
942 _cBK
366 _f25
654 _amechatronics
245 _aIntroduction to mechatronics
260 _bOxford
_c2007
082 _bAPP
300 _a329
546 _aENGLISH
999 _c21348
_d21348